Страны, которые упоминались в "Гравити Фолз" - Statistics

General Stats
  • This quiz has been taken 67 times
  • The average score is 17 of 24
Answer Stats
Подсказка Первое упоминание Страна % Correct
Место действия мультсериала 1 сезон, 1 серия США
98%
Родина Царь-Барина из видеоигры "Бой Бойцов" 1 сезон, 10 серия Россия/CCCР
98%
Страна, на которой основан дизайн лунки в виде Эйфелевой башни в гольф-клубе 2 сезон, 3 серия Франция
93%
Место действия шоу "Утка-тив" 1 сезон, 3 серия Великобритания
87%
Родина прототипа воскового Чингисхана 1 сезон, 3 серия Монголия
87%
Фраза Диппера: "Миллиметр роста считается только в ..." 1 сезон, 11 серия Канада
87%
Фраза Стэнли: "Не хочу, чтобы моя машина провалилась в ..." 2 сезон, 1 серия Китай
87%
Родина Доктора Каратэ из видеоигры "Бой Бойцов" 1 сезон, 10 серия Япония
83%
Акцент, с которым разговаривает Русалдо 1 сезон, 15 серия Испания
83%
Залив, в котором Русалдо был пойман рыбаками 1 сезон, 15 серия Мексика
80%
Родина Сталина из настольной игры "Не будите Сталина" 2 сезон, 15 серия Грузия
72%
Фраза Стэнли: "Горячие ... вафли!" 1 сезон, 3 серия Бельгия
70%
Фраза Гидеона: "В этой банке тысяча проклятых ... термитов" 1 сезон, 11 серия Египет
67%
Язык, на котором может бегло говорить Кэнди 2 сезон, 4 серия Корея
67%
Родина Русалдо по мнению Мэйбл 1 сезон, 15 серия Австралия
63%
Родина барона Мариуса фон Фундсхаусера 2 сезон, 10 серия Австрия
63%
В этой стране Стэнли отбывал тюремный срок 1 сезон, 4 серия Колумбия
61%
Родина Бистора из видеоигры "Бой Бойцов" 1 сезон, 10 серия Бразилия
59%
Монета этой страны была в кармане Стэнли, когда он впервые вышел в город за едой после попадания Стэнфорда во вселенский портал 2 сезон, 12 серия Аргентина
57%
Страна, на которой основан дизайн лунки №18 в гольф-клубе 2 сезон, 3 серия Нидерланды
54%
Согласно одному из документов из кабинета Стэнфорда, Билл побывал в этой стране несколько тысяч лет назад 2 сезон, 15 серия Греция
54%
Родина любимой поп-группы Диппера 1 сезон, 6 серия Исландия
41%
Родина Джо Замбика из видеоигры "Бой Бойцов" 1 сезон, 10 серия Мозамбик
24%
Фраза Стэнли: "Ты накрутил её отсюда до Тимбукту!" 1 сезон, 9 серия Мали
22%
No matching quizzes found
Score Distribution
Percent of People with Each Score
Percentile by Number Answered
Your Score History
You have not taken this quiz